000 00577cam a2200217 a 4500
001 13758395
005 20180301050159.0
008 041022s2006 maua 001 0 eng
010 _a 2004115527
020 _a0618542272
040 _aDLC
_cDLC
_dDLC
041 _aeng
080 _a808.042 BRA
082 0 0 _a808.042 BRA
_222
100 1 _a25
101 _aEDU
245 1 0 _aAt a glance.
_pParagraphs /
_cLee Brandon.
906 _a7
_bcbc
_corignew
_d2
_eepcn
_f20
_gy-gencatlg
942 _2ddc
_cBK
999 _c43808
_d43808